| 000 | 00657nam a22001575i 4500 | ||
|---|---|---|---|
| 001 | 156523 | ||
| 003 | ES-MaACL | ||
| 005 | 20230906210430.0 | ||
| 008 | 040806s1889 sp |||| | spa d | ||
| 100 | 1 |
_aJuste e Isaba, Pedro. _9128407 |
|
| 245 | 1 | 0 |
_aPrograma de historia crítica de España _b: para los alumnos del curso preparatorio de derecho / _cpor Pedro Juste é Isaba. |
| 260 |
_aMadrid : _bCentro Editorial de Góngora, _c1889 ( _fJ. Góngora y Alvarez) |
||
| 300 |
_a42 p. ; _c19 cm. |
||
| 650 | 4 |
_aHistoria- _vProgramas de estudio. _9157269 |
|
| 852 |
_aES-MaACL _jT-887-F-3 _z- Enc. hol., conservanfo la enc. editorial _z- Enc. en un vol. facticio |
||
| 999 |
_c156523 _d156523 |
||